| Tag |
First Indicator |
Second Indicator |
Subfields |
| LEADER |
00000pam a2200000 a 4500 |
| 001 |
in00000095393 |
| 005 |
20150923173504.0 |
| 008 |
811120s1982 nyua b 00100 eng |
| 010 |
|
|
|a 81020509
|
| 020 |
|
|
|a 0126632200
|
| 035 |
|
|
|a (OCoLC)08033497
|
| 035 |
|
|
|9 AAK8034AM
|
| 039 |
0 |
|
|a 2
|b 3
|c 3
|d 3
|e 3
|
| 040 |
|
|
|a DLC
|c DLC
|d TXA
|d UtOrBLW
|
| 049 |
|
|
|a TXAM
|c [985891]
|
| 050 |
0 |
0 |
|a TA1632
|b A68 1982
|
| 082 |
0 |
|
|a 621.36/7
|2 19
|
| 245 |
0 |
0 |
|a Applications of optical Fourier transforms /
|c edited by Henry Stark.
|
| 264 |
|
1 |
|a New York :
|b Academic Press,
|c 1982.
|
| 300 |
|
|
|a xvii, 545 pages :
|b illustrations ;
|c 24 cm.
|
| 336 |
|
|
|a text
|b txt
|2 rdacontent
|
| 337 |
|
|
|a unmediated
|b n
|2 rdamedia
|
| 338 |
|
|
|a volume
|b nc
|2 rdacarrier
|
| 504 |
|
|
|a Includes bibliographical references and index.
|
| 650 |
|
0 |
|a Optical transfer function.
|
| 650 |
|
0 |
|a Fourier transformations.
|
| 650 |
|
0 |
|a Optical data processing.
|
| 700 |
1 |
|
|a Stark, Henry,
|d 1938-
|
| 999 |
|
|
|a MARS
|
| 999 |
f |
f |
|s a18ade05-d510-371d-851a-dec490f3c6ca
|i bdd05277-c8b0-3b41-8489-15fbd5bf8911
|t 0
|
| 952 |
f |
f |
|p normal
|a Texas A&M University
|b College Station
|c Sterling C. Evans Library
|d Evans: Library Stacks
|t 0
|e TA1632 A68 1982
|h Library of Congress classification
|i unmediated -- volume
|m A14806026776
|
| 998 |
f |
f |
|a TA1632 A68 1982
|t 0
|l Evans: Library Stacks
|